Les 10 voitures les plus chères - Statistiques

Statistiques générales
  • Ce quiz a été pris 53 fois
  • Le résultat moyen est 2 sur 10
Statistiques - réponses
Prix Voiture % Correct
76,8M€ Ferrari 250 GTO
82%
24,4M€ Rolls-Royce Boat Tail
45%
25M€ Jaguar Type D
25%
135M€ Mercedes-Benz 300 SLR Uhlenhaut
20%
26M€ Rolls-Royce Droptail
16%
50,5M€ Bugatti Type 57 SC Atlantic
11%
25,3M€ Aston Martin DBR1
7%
33M€ Bugatti Type 41 Royale
7%
24,1M€ Duesenberg SSJ
2%
28,2M€ Mercedes-Benz W196R
2%
Aucun quiz correspondant
Distribution des résultats
% des personnes avec chaque résultat
Percentile par nombre de réponses
Votre historique - résultats
Vous n’avez pas pris ce quiz